| LEADER | 00848nam a2200205 i 4500 | ||
|---|---|---|---|
| 001 | 10110895 | ||
| 003 | GR-PaULI | ||
| 005 | 20210127104817.0 | ||
| 008 | 130902s1993 gr g p gre d | ||
| 952 | |0 0 |1 0 |2 ddc |4 0 |6 889_134000000000000_ΚΑΤ |7 0 |9 322771 |a LISP |b LISP |c DON |d 2021-01-27 |e ΓΑΛ |i 145591 |l 0 |o 889.134 ΚΑΤ |p 025000271856 |r 2021-01-27 00:00:00 |t 1 |w 2021-01-27 |y BKN | ||
| 999 | |c 181430 |d 181430 | ||
| 040 | |a GR-PaULI |c GR-PaULI |b gre |e AACR2 | ||
| 082 | 0 | 4 | |a 889.134 |2 23 |
| 100 | 1 | |9 137481 |a Κατσαγάνης, Δημήτρης Ι., |d 1950- |e συγγραφέας. | |
| 245 | 1 | 4 | |a Των σπασμών πριν την ίριδα : |b (1989-1992) / |c Δημήτρης Ι. Κατσαγάνης. |
| 260 | |a Αθήνα : |b Λέων, |c [1993?]. | ||
| 300 | |a 61 σ. ; |c 25 εκ. | ||
| 655 | 4 | |a Ποίηση | |
| 942 | |2 ddc |c BKN | ||
| 998 | |c ΜΠΟΥΡΑΣ |d 2021-01 | ||